000
00260nam a22001097a 4500
005
20161222173502.0
008
161222b xxu||||| |||| 00| 0 eng d
041
_a
eng
245
_a
Electrical Engineering (Gate 2016 )
260
_b
Engineers Academy
942
_c
BK
999
_c
5323
_d
5321